[Event "POL-chT 2nd League"]
[Site "Sypniewo"]
[Date "2021.09.08"]
[Round "5.15"]
[White "Jozwicki, Jakub"]
[Black "Balinski, Damian"]
[Result "0-1"]
[WhiteElo "2283"]
[BlackElo "2193"]
[PlyCount "142"]
[EventDate "2021.09.04"]
[EventType "team-swiss"]
[EventRounds "9"]
[EventCountry "POL"]
[SourceTitle "CBM 204 Extra"]
[Source "ChessBase"]
[SourceDate "2021.11.30"]
[SourceVersion "1"]
[SourceVersionDate "2021.11.30"]
[SourceQuality "1"]
[WhiteTeam "Bydgoszcz Wiartrak"]
[BlackTeam "Olesnica Pogon"]
[WhiteTeamCountry "POL"]
[BlackTeamCountry "POL"]

1. c4 f5 2. Nf3 Nf6 3. g3 g6 4. Bg2 Bg7 5. 0-0 0-0 6. d4 d6 7. Nc3 c6 8. d5 e5 9. dxe6 Bxe6 10. Bf4 Bxc4 11. Bxd6 Re8 12. Ne5 Be6 13. Qd2 Nd5 14. Nxd5 cxd5 15. Bxb8 Rxb8 16. Nf3 h6 17. Nd4 Bf7 18. e3 Qb6 19. Rfd1 Rbc8 20. b3 Red8 21. h4 h5 22. Qb2 Rc7 23. Rd2 Bf6 24. Rad1 Rcd7 25. Bf3 Rd6 26. Rc2 R6d7 27. Qc1 Bg7 28. Rc8 Rxc8 29. Qxc8+ Rd8 30. Qc2 Bf6 31. Rd2 Kg7 32. Kg2 Kg8 33. Qd1 Be5 34. Ne2 Qc5 35. Nf4 Bxf4 36. gxf4 b6 37. Rd4 a5 38. Qd2 Kh7 39. Kg3 Rd6 40. Qb2 Qc8 41. b4 axb4 42. Rxb4 Qe6 43. Rd4 Qf6 44. Qd2 Qd8 45. Bd1 Rc6 46. Bb3 Rc5 47. f3 Bg8 48. Qd1 Qd7 49. Rd3 Qc6 50. e4 Rc1 51. Qd2 fxe4 52. fxe4 Rg1+ 53. Kh2 Rg4 54. Bxd5 Rxh4+ 55. Kg3 Rg4+ 56. Kf3 Bxd5 57. Rxd5 Qc4 58. Rd7+ Kh6 59. f5+ Rg5 60. Kf4 Rxf5+ 61. Ke3 Rf1 62. Rd4 Qc1 63. Qxc1 Rxc1 64. e5 Kg5 65. Ke4 Re1+ 66. Kd5 Kf5 67. Kc6 Kxe5 68. Rb4 Ra1 69. a4 g5 70. Kxb6 h4 71. a5 h3 0-1

[Event "POL-chT 2nd League"]
[Site "Sypniewo"]
[Date "2021.09.07"]
[Round "4.10"]
[White "Stysiak, Szymon"]
[Black "Jozwicki, Jakub"]
[Result "1-0"]
[WhiteElo "2193"]
[BlackElo "2283"]
[PlyCount "55"]
[EventDate "2021.09.04"]
[EventType "team-swiss"]
[EventRounds "9"]
[EventCountry "POL"]
[SourceTitle "CBM 204 Extra"]
[Source "ChessBase"]
[SourceDate "2021.11.30"]
[SourceVersion "1"]
[SourceVersionDate "2021.11.30"]
[SourceQuality "1"]
[WhiteTeam "Zory Roszada"]
[BlackTeam "Bydgoszcz Wiartrak"]
[WhiteTeamCountry "POL"]
[BlackTeamCountry "POL"]

1. d4 Nf6 2. c4 e6 3. Nf3 b6 4. g3 Ba6 5. Qa4 Bb7 6. Bg2 Be7 7. 0-0 0-0 8. Nc3 c6 9. e4 d6 10. Rd1 Nbd7 11. e5 Ne8 12. Bf4 d5 13. cxd5 exd5 14. h4 Nc7 15. Bh3 h6 16. Ne2 Ne6 17. Qc2 Re8 18. Bxe6 fxe6 19. Bxh6 gxh6 20. Qg6+ Kh8 21. Qxh6+ Kg8 22. Qxe6+ Kg7 23. Nf4 Bf8 24. Qg4+ Kh8 25. Ng5 Re7 26. Qh5+ Kg8 27. Ng6 Bg7 28. Qh7# 1-0

[Event "POL-chT3 Kujawsko Pomorskie 1516"]
[Site "Poland"]
[Date "2016.01.31"]
[Round "5"]
[White "Gryniakow, Jaroslaw"]
[Black "Jozwicki, Jakub"]
[Result "0-1"]
[WhiteElo "2157"]
[BlackElo "2234"]
[PlyCount "68"]
[EventDate "2015.11.08"]
[EventType "team-tourn"]
[EventRounds "9"]
[EventCountry "POL"]
[SourceTitle "EXT 2019"]
[Source "ChessBase"]
[SourceDate "2018.10.10"]
[SourceVersion "1"]
[SourceVersionDate "2018.10.10"]
[SourceQuality "1"]

1. d4 f5 2. g3 g6 3. Bg2 Bg7 4. Nf3 Nf6 5. 0-0 d6 6. c4 0-0 7. Nc3 Nc6 8. d5 Na5 9. Qa4 c5 10. dxc6 Nxc6 11. Rd1 Qa5 12. c5 Qxc5 13. Ng5 Ng4 14. Qb3+ e6 15. e3 Na5 16. Qb5 h6 17. Nf3 Qxb5 18. Nxb5 d5 19. h3 Ne5 20. Nfd4 Kf7 21. b3 Rd8 22. Ba3 Bd7 23. Rac1 Bxb5 24. Nxb5 Rd7 25. f4 Nec6 26. Nd4 Nxd4 27. exd4 Nc6 28. Bb2 Rc8 29. Kf2 Rdc7 30. Ke3 Nb4 31. Rxc7+ Rxc7 32. Rd2 Nxa2 33. Ba3 Nc3 34. Rc2 Nd1+ 0-1

[Event "POL-chT3 Kujawsko Pomorskie 1516"]
[Site "Poland"]
[Date "2016.01.10"]
[Round "4"]
[White "Jozwicki, Jakub"]
[Black "Wisniewski, Jaroslaw"]
[Result "1-0"]
[WhiteElo "2234"]
[BlackElo "1875"]
[PlyCount "107"]
[EventDate "2015.11.08"]
[EventType "team-tourn"]
[EventRounds "9"]
[EventCountry "POL"]
[SourceTitle "EXT 2019"]
[Source "ChessBase"]
[SourceDate "2018.10.10"]
[SourceVersion "1"]
[SourceVersionDate "2018.10.10"]
[SourceQuality "1"]

1. e4 e6 2. d3 d5 3. Nd2 c5 4. Ngf3 Nc6 5. g3 Nf6 6. Bg2 g6 7. 0-0 Bg7 8. exd5 Nxd5 9. Ne4 b6 10. c4 Nde7 11. Bg5 Bb7 12. Bf6 Kf8 13. Bc3 Nd4 14. Nxd4 Bxd4 15. Qd2 Kg7 16. Qf4 Nf5 17. g4 Nh6 18. Nd6 Bxg2 19. Bxd4+ cxd4 20. Kxg2 Qf6 21. Qg3 Qg5 22. h3 Rhd8 23. Ne4 Qe7 24. g5 Ng8 25. Qe5+ f6 26. gxf6+ Nxf6 27. Rae1 h6 28. Nxf6 Qxf6 29. Qxe6 Rac8 30. Qe7+ Qf7 31. Re5 Rd7 32. Qxf7+ Kxf7 33. Rfe1 Rc6 34. R1e4 Rcd6 35. b4 Kf6 36. f4 a6 37. Kf3 Rd8 38. Re7 Ra8 39. Rh7 h5 40. Ree7 Rf8 41. Rhg7 a5 42. b5 Kf5 43. Rgf7+ Rxf7 44. Rxf7+ Ke6 45. Rc7 Kf5 46. Rc6 Rd7 47. c5 bxc5 48. Rxc5+ Ke6 49. Ke4 Rf7 50. Rc6+ Kd7 51. Rxg6 Kc7 52. Ra6 Kb7 53. a4 h4 54. Rxa5 1-0

[Event "POL-chT3 Kujawsko Pomorskie 1617"]
[Site "Poland"]
[Date "2016.??.??"]
[Round "3.4"]
[White "Grochowalski, Pawel"]
[Black "Jozwicki, Jakub"]
[Result "1/2-1/2"]
[WhiteElo "2136"]
[BlackElo "2225"]
[PlyCount "70"]
[EventDate "2016.11.06"]
[EventType "team-tourn"]
[EventRounds "9"]
[EventCountry "POL"]
[SourceTitle "EXT 2018"]
[Source "ChessBase"]
[SourceDate "2017.10.13"]
[SourceVersion "1"]
[SourceVersionDate "2017.10.13"]
[SourceQuality "1"]

1. c4 e6 2. d4 d5 3. Nf3 Nf6 4. Nc3 c6 5. cxd5 exd5 6. Bg5 Be7 7. e3 0-0 8. Bd3 Be6 9. Qc2 h6 10. Bh4 b6 11. Ne5 Nfd7 12. Bg3 Nxe5 13. Bxe5 c5 14. dxc5 Nc6 15. Bd6 bxc5 16. Bxe7 Qxe7 17. 0-0 c4 18. Be2 Rab8 19. Rfd1 Qb7 20. Rd2 Rfd8 21. Rad1 Qb6 22. Na4 Qa5 23. a3 Rb3 24. Nc3 Rdb8 25. Qc1 Ne7 26. Bf3 Kf8 27. h3 Qc7 28. g4 Kg8 29. Kg2 Ng6 30. Kg1 Ne5 31. Be2 Qb7 32. Nxd5 Bxd5 33. Rxd5 Nd3 34. Bxd3 cxd3 35. R5xd3 Rxb2 1/2-1/2

[Event "POL-chT3 Kujawsko Pomorskie 1516"]
[Site "Poland"]
[Date "2015.11.22"]
[Round "2"]
[White "Jozwicki, Jakub"]
[Black "Jablonski, Miroslaw"]
[Result "0-1"]
[WhiteElo "2234"]
[BlackElo "2009"]
[PlyCount "94"]
[EventDate "2015.11.08"]
[EventType "team-tourn"]
[EventRounds "9"]
[EventCountry "POL"]
[SourceTitle "EXT 2019"]
[Source "ChessBase"]
[SourceDate "2018.10.10"]
[SourceVersion "1"]
[SourceVersionDate "2018.10.10"]
[SourceQuality "1"]

1. e4 e5 2. Nf3 Nc6 3. Bb5 Nf6 4. 0-0 Nxe4 5. d4 Nd6 6. Bxc6 dxc6 7. dxe5 Nf5 8. Qe2 Nd4 9. Qe4 Nxf3+ 10. Qxf3 Bc5 11. Qg3 Kf8 12. Nc3 Bf5 13. Rd1 Qe8 14. Be3 Be7 15. Rd2 h5 16. Rad1 h4 17. Qf4 Rh5 18. Ne4 Be6 19. Bc5 b6 20. Ng5 Rxg5 21. Qxg5 bxc5 22. Qe3 c4 23. b3 Kg8 24. bxc4 Bxc4 25. Qd4 Be6 26. c4 c5 27. Qe4 Rb8 28. h3 g6 29. Rc1 Qa4 30. Rc3 Kg7 31. Qe3 Qc6 32. Rb3 Rd8 33. Rxd8 Bxd8 34. Qe2 Qa4 35. Rc3 Qb4 36. Rc2 Qb1+ 37. Kh2 Bg5 38. g3 hxg3+ 39. fxg3 Be3 40. Kg2 Qg1+ 41. Kf3 Bd4 42. g4 Bd7 43. Ke4 Qh1+ 44. Kf4 Qxh3 45. Rd2 g5+ 46. Ke4 Bc6+ 47. Kf5 Qh6 0-1

[Event "Rewal op-A 15th"]
[Site "Rewal"]
[Date "2010.08.20"]
[Round "2"]
[White "Kastelik, Adrian"]
[Black "Jozwicki, Jakub"]
[Result "1-0"]
[WhiteElo "1942"]
[BlackElo "2195"]
[PlyCount "113"]
[EventDate "2010.08.19"]
[EventType "swiss"]
[EventRounds "9"]
[EventCountry "POL"]
[SourceTitle "EXT 2013"]
[Source "ChessBase"]
[SourceDate "2012.11.22"]
[SourceVersion "1"]
[SourceVersionDate "2012.11.22"]
[SourceQuality "1"]

1. e4 c5 2. c3 Nf6 3. e5 Nd5 4. d4 cxd4 5. cxd4 d6 6. Nf3 e6 7. Bc4 Be7 8. 0-0 Nb6 9. Bd3 Bd7 10. Nc3 Bc6 11. Qe2 N8d7 12. exd6 Bxd6 13. Ne4 Be7 14. Bf4 Nf6 15. Nxf6+ Bxf6 16. Be5 0-0 17. Rac1 Rc8 18. Bxf6 Qxf6 19. Ne5 Rfd8 20. Rfd1 Bd5 21. Rxc8 Rxc8 22. b3 Qg5 23. Qg4 Qh6 24. Qe2 Rc1 25. Nc4 Qg5 26. Ne3 Rc7 27. Bc4 g6 28. Bxd5 Nxd5 29. h4 Qd8 30. Nxd5 Qxd5 31. Qe5 Rd7 32. Qb8+ Kg7 33. Qxa7 Qh5 34. Rd2 Qxh4 35. Qb8 Qe4 36. Kf1 Qd5 37. f4 f6 38. Qc8 e5 39. fxe5 fxe5 40. Rf2 Qd6 41. Qc5 exd4 42. Qxd6 Rxd6 43. Ke2 h5 44. Kd3 g5 45. a4 h4 46. b4 Kg6 47. a5 g4 48. b5 g3 49. Ra2 Kf5 50. a6 bxa6 51. bxa6 Rd8 52. a7 Ra8 53. Kxd4 Kf4 54. Kc5 Kg4 55. Ra4+ Kf5 56. Kb6 Rh8 57. Rxh4 1-0

[Event "Rewal op-A 15th"]
[Site "Rewal"]
[Date "2010.08.19"]
[Round "1"]
[White "Jozwicki, Jakub"]
[Black "Latocha, Aleksander"]
[Result "1/2-1/2"]
[WhiteElo "2195"]
[BlackElo "1929"]
[PlyCount "91"]
[EventDate "2010.08.19"]
[EventType "swiss"]
[EventRounds "9"]
[EventCountry "POL"]
[SourceTitle "EXT 2013"]
[Source "ChessBase"]
[SourceDate "2012.11.22"]
[SourceVersion "1"]
[SourceVersionDate "2012.11.22"]
[SourceQuality "1"]

1. c4 e6 2. Nf3 d5 3. b3 Nf6 4. g3 c5 5. Bg2 Nc6 6. 0-0 Be7 7. Nc3 0-0 8. d3 b6 9. Bf4 Bb7 10. cxd5 Nxd5 11. Nxd5 exd5 12. d4 cxd4 13. Ne5 Bf6 14. Nxc6 Bxc6 15. Qd3 Qd7 16. Rad1 Bb5 17. Qf3 Rac8 18. Rfe1 Rc3 19. Qxd5 Qxd5 20. Bxd5 Rc2 21. Rd2 Rfc8 22. a4 Ba6 23. Bc4 Rxd2 24. Bxa6 Rdc2 25. Bxc8 Rxc8 26. Rc1 Rxc1+ 27. Bxc1 Be7 28. Bb2 Bc5 29. Kf1 f5 30. Ke1 Kf7 31. Kd2 Ke6 32. Kd3 Kd5 33. f3 g6 34. Bc1 a6 35. Bh6 b5 36. h3 Bd6 37. g4 Bg3 38. Bg7 Bf2 39. Bh6 Kc5 40. gxf5 gxf5 41. Bf8+ Kd5 42. Be7 Bg1 43. Bd8 Be3 44. Bb6 bxa4 45. bxa4 Bf2 46. Ba7 1/2-1/2

[Event "Lasker Memorial op 18th"]
[Site "Barlinek"]
[Date "2010.07.21"]
[Round "5"]
[White "Jozwicki, Jakub"]
[Black "Juroszek, Tadeusz"]
[Result "1/2-1/2"]
[WhiteElo "2195"]
[BlackElo "2376"]
[PlyCount "58"]
[EventDate "2010.07.17"]
[EventType "swiss"]
[EventRounds "9"]
[EventCountry "POL"]
[SourceTitle "CBM 137 Extra"]
[Source "ChessBase"]
[SourceDate "2010.09.01"]
[SourceVersion "1"]
[SourceVersionDate "2010.09.01"]
[SourceQuality "1"]

1. c4 b6 2. g3 Bb7 3. Nf3 Bxf3 4. exf3 c5 5. d4 cxd4 6. Qxd4 Nc6 7. Qd1 e6 8. Be3 Qf6 9. Nc3 Ba3 10. Qe2 Rc8 11. Rc1 Bb4 12. Bg2 Nd4 13. Bxd4 Qxd4 14. 0-0 Bxc3 15. Rxc3 Nf6 16. Rd1 Qc5 17. Rd5 Qe7 18. Rb5 0-0 19. f4 Rc7 20. g4 Rfc8 21. g5 Ne8 22. b3 Rc5 23. Rxc5 Qxc5 24. Re3 g6 25. Be4 Ng7 26. Qd2 Nh5 27. Rd3 d5 28. Bf3 dxc4 29. Rd8+ Qf8 1/2-1/2

[Event "POL-chT 2nd League"]
[Site "Ustron"]
[Date "2008.09.14"]
[Round "8.29"]
[White "Jozwicki, Jakub"]
[Black "Lewandowski, Miroslaw"]
[Result "0-1"]
[WhiteElo "2220"]
[BlackElo "2130"]
[PlyCount "136"]
[EventDate "2008.09.06"]
[EventType "team-swiss"]
[EventRounds "9"]
[EventCountry "POL"]
[SourceTitle "EXT 2015"]
[Source "ChessBase"]
[SourceDate "2014.11.20"]
[SourceVersion "1"]
[SourceVersionDate "2014.11.20"]
[SourceQuality "1"]
[WhiteTeam "Bydgoszcz Centrum"]
[BlackTeam "Gdynia Korsarz"]
[WhiteTeamCountry "POL"]
[BlackTeamCountry "POL"]

1. e4 c5 2. Nf3 Nc6 3. d4 cxd4 4. Nxd4 e5 5. Nb5 d6 6. c4 Nf6 7. Bd3 Be6 8. 0-0 Be7 9. Bg5 a6 10. Bxf6 Bxf6 11. N5c3 0-0 12. Na3 Rc8 13. Re1 Nd4 14. Ne2 Nc6 15. h3 Bh4 16. Rf1 g6 17. Kh1 Qb6 18. Qb3 Bxf2 19. Qxb6 Bxb6 20. Nc2 f5 21. b3 Ne7 22. Rad1 f4 23. Ng1 g5 24. Be2 Rfd8 25. Rd3 Nc6 26. Nf3 h6 27. Rfd1 Bc7 28. Nh2 Kg7 29. R3d2 Rb8 30. a4 Bf7 31. b4 b6 32. b5 axb5 33. cxb5 Ne7 34. Nb4 Rb7 35. Nf3 Kf6 36. Rc1 Bg6 37. Bd3 d5 38. Nc6 Nxc6 39. Rxc6+ Rd6 40. Bc4 Rxc6 41. bxc6 Ra7 42. Bxd5 Rxa4 43. Rd3 h5 44. Nd2 Ra1+ 45. Kh2 Be8 46. Rb3 g4 47. hxg4 hxg4 48. Rb1 g3+ 49. Kg1 Ra5 50. Nb3 Ra3 51. Nd2 Bh5 52. Kf1 Rd3 53. Ke1 Re3+ 54. Kf1 Be2+ 55. Kg1 Bd3 56. Rc1 Re2 57. Nf3 b5 58. Re1 Bb6+ 59. Kh1 Rxe1+ 60. Nxe1 Be2 61. Nf3 Ba5 62. Kg1 b4 63. Nd2 Bb6+ 64. Kh1 Ke7 65. Nb3 Kd6 66. Nd2 Bb5 67. Bb3 Kxc6 68. Nf3 Kd6 0-1

[Event "POL-chT 2nd League"]
[Site "Ustron"]
[Date "2008.09.11"]
[Round "5.11"]
[White "Jozwicki, Jakub"]
[Black "Migala, Andrzej"]
[Result "1/2-1/2"]
[WhiteElo "2220"]
[BlackElo "2091"]
[PlyCount "104"]
[EventDate "2008.09.06"]
[EventType "team-swiss"]
[EventRounds "9"]
[EventCountry "POL"]
[SourceTitle "EXT 2015"]
[Source "ChessBase"]
[SourceDate "2014.11.20"]
[SourceVersion "1"]
[SourceVersionDate "2014.11.20"]
[SourceQuality "1"]
[WhiteTeam "Bydgoszcz Centrum"]
[BlackTeam "Ostroda Ostrodzianka"]
[WhiteTeamCountry "POL"]
[BlackTeamCountry "POL"]

1. e4 c5 2. Nf3 d6 3. d4 cxd4 4. Qxd4 Nc6 5. Bb5 Bd7 6. Bxc6 Bxc6 7. Nc3 Nf6 8. Bg5 e6 9. 0-0-0 Be7 10. Rhe1 0-0 11. Qd2 h6 12. Bf4 e5 13. Bg3 Rc8 14. Bh4 Nxe4 15. Nxe4 Bxh4 16. Qxd6 Bxe4 17. Rxe4 Qxd6 18. Rxd6 Bxf2 19. Rxe5 Rc7 20. b3 Rfc8 21. c4 Kf8 22. Kd2 a6 23. Kd3 Bc5 24. Rdd5 Ba3 25. Nd4 g6 26. Re4 Re8 27. Nc2 Rxe4 28. Kxe4 Bc5 29. Kd3 Ke7 30. b4 Bg1 31. h3 h5 32. Nd4 f6 33. a4 h4 34. c5 Bxd4 35. Kxd4 Rc6 36. Kc4 Re6 37. Rd4 g5 38. Kd3 f5 39. Rd5 Kf6 40. Rd7 b6 41. Kd4 bxc5+ 42. Kxc5 g4 43. hxg4 fxg4 44. Rd2 Kg5 45. b5 axb5 46. axb5 Kf4 47. b6 Rxb6 48. Kxb6 Kg3 49. Kc5 h3 50. gxh3 gxh3 51. Kd4 h2 52. Rxh2 Kxh2 1/2-1/2

[Event "POL-chT 2nd League"]
[Site "Wysowa"]
[Date "2007.09.09"]
[Round "7"]
[White "Jozwicki, Jakub"]
[Black "Czarnecki, Wojciech"]
[Result "1-0"]
[WhiteElo "2178"]
[BlackElo "2031"]
[PlyCount "46"]
[EventDate "2007.09.03"]
[EventType "team-swiss"]
[EventRounds "9"]
[EventCountry "POL"]
[SourceTitle "EXT 2010"]
[Source "ChessBase"]
[SourceDate "2010.11.25"]
[SourceVersion "1"]
[SourceVersionDate "2010.11.25"]
[SourceQuality "1"]
[WhiteTeam "Bydgoszcz UKS MDK Nr 5"]
[BlackTeam "Pilzno GKSz Hetman"]
[WhiteTeamCountry "POL"]
[BlackTeamCountry "POL"]

1. e4 c6 2. d4 d5 3. e5 Bf5 4. Nd2 e6 5. Nb3 Nd7 6. Nf3 Bg4 7. Be2 Ne7 8. 0-0 c5 9. Nxc5 Nxc5 10. dxc5 Nc6 11. Be3 Bxf3 12. Bxf3 Nxe5 13. Be2 Qc7 14. Bb5+ Nc6 15. c4 0-0-0 16. cxd5 Rxd5 17. Qg4 h5 18. Qa4 Bxc5 19. Bc4 Rf5 20. Bd3 Rd5 21. Be4 Bxe3 22. Bxd5 Bxf2+ 23. Rxf2 exd5 1-0

[Event "POL-chT 2nd League"]
[Site "Wysowa"]
[Date "2007.09.03"]
[Round "1"]
[White "Jozwicki, Jakub"]
[Black "Suder, Ryszard"]
[Result "1/2-1/2"]
[WhiteElo "2178"]
[BlackElo "2209"]
[PlyCount "79"]
[EventDate "2007.09.03"]
[EventType "team-swiss"]
[EventRounds "9"]
[EventCountry "POL"]
[SourceTitle "EXT 2010"]
[Source "ChessBase"]
[SourceDate "2010.11.25"]
[SourceVersion "1"]
[SourceVersionDate "2010.11.25"]
[SourceQuality "1"]
[WhiteTeam "Bydgoszcz UKS MDK Nr 5"]
[BlackTeam "Ostroda Ostrodzianka"]
[WhiteTeamCountry "POL"]
[BlackTeamCountry "POL"]

1. e4 d6 2. d4 Nf6 3. Nc3 g6 4. Nf3 Bg7 5. h3 0-0 6. Be3 c6 7. Qd2 Nbd7 8. 0-0-0 Qc7 9. g4 b5 10. Bd3 e5 11. g5 Nh5 12. Be2 Qa5 13. dxe5 dxe5 14. Qd6 b4 15. Nb1 Qxa2 16. Qxc6 Nb6 17. Bxb6 axb6 18. Bc4 Qa7 19. Qd6 Bb7 20. Nxe5 Bxe4 21. Rhe1 Bxe5 22. Qxe5 Rae8 23. Qb5 Qc7 24. Nd2 Bc6 25. Qxb4 Rxe1 26. Rxe1 b5 27. Bb3 Qb6 28. Qd6 Qxf2 29. Rf1 Qg2 30. c3 Ng7 31. Rf6 Be8 32. Qe5 Qxh3 33. Ne4 Qe3+ 34. Kb1 Qg1+ 35. Kc2 Nh5 36. Rd6 Qg4 37. Rd4 Qg2+ 38. Rd2 Qg4 39. Rd4 Qg2+ 40. Rd2 1/2-1/2

[Event "Rewal op-A 12th"]
[Site "Rewal"]
[Date "2007.08.22"]
[Round "2"]
[White "Maryasin, Boris Feliksovich"]
[Black "Jozwicki, Jakub"]
[Result "1-0"]
[WhiteElo "2321"]
[BlackElo "2178"]
[PlyCount "83"]
[EventDate "2007.08.20"]
[EventType "swiss"]
[EventRounds "9"]
[EventCountry "POL"]
[SourceTitle "CBM 120 Extra"]
[Source "ChessBase"]
[SourceDate "2007.11.01"]
[SourceVersion "1"]
[SourceVersionDate "2007.11.01"]
[SourceQuality "1"]

1. e4 c5 2. Nf3 e6 3. c3 Nf6 4. e5 Nd5 5. d4 cxd4 6. cxd4 d6 7. a3 Bd7 8. Nbd2 Bc6 9. Ne4 dxe5 10. Nxe5 Be7 11. Bd3 Nf6 12. Nxc6 Nxc6 13. Be3 Nd5 14. 0-0 0-0 15. b4 e5 16. Bb5 f5 17. Nc5 Bxc5 18. dxc5 Nxe3 19. fxe3 Kh8 20. Qxd8 Raxd8 21. Rad1 g6 22. g4 a5 23. Bxc6 bxc6 24. Rxd8 Rxd8 25. gxf5 axb4 26. axb4 Rb8 27. fxg6 Rxb4 28. Rf8+ Kg7 29. gxh7 Kxh7 30. Rf6 Rb2 31. Rxc6 Re2 32. Re6 Rxe3 33. Kf2 Rc3 34. Rxe5 Kg6 35. h4 Kf6 36. Rh5 Kg6 37. Rd5 Kf6 38. h5 Ke6 39. Rg5 Kf7 40. Kg2 Kf6 41. Rg6+ Kf7 42. Rc6 1-0

[Event "POL-chT3 0607"]
[Site "Poland"]
[Date "2007.04.01"]
[Round "11.13"]
[White "Stolarczyk, Adam"]
[Black "Jozwicki, Jakub"]
[Result "1/2-1/2"]
[WhiteElo "2170"]
[BlackElo "2219"]
[PlyCount "186"]
[EventDate "2006.11.12"]
[EventType "team-tourn"]
[EventRounds "11"]
[EventCountry "POL"]
[SourceTitle "EXT 2009"]
[Source "ChessBase"]
[SourceDate "2008.11.26"]
[SourceVersion "1"]
[SourceVersionDate "2008.11.26"]
[SourceQuality "1"]

1. d4 d5 2. Nf3 Nf6 3. e3 Bg4 4. Bd3 e6 5. Nbd2 Be7 6. 0-0 0-0 7. Re1 Nc6 8. h3 Bh5 9. c4 e5 10. cxd5 Nxd5 11. dxe5 Nxe5 12. Be2 Bf6 13. Ne4 Nxf3+ 14. Bxf3 Bxf3 15. Qxf3 Be5 16. Rd1 c6 17. Nc3 Qa5 18. Nxd5 cxd5 19. Bd2 Qb5 20. Qf5 Rfe8 21. Bc3 d4 22. f4 dxc3 23. fxe5 cxb2 24. Rab1 g6 25. Qf2 Qxe5 26. Rxb2 Rad8 27. Rd4 Rc8 28. Qf4 Qe7 29. Rf2 Rc1+ 30. Kh2 Rc6 31. Rfd2 Rf6 32. Qg3 Qe5 33. Qxe5 Rxe5 34. Rd7 Rb5 35. Rc2 a5 36. e4 b6 37. a3 Re5 38. Rc4 Rf4 39. Rb7 Rexe4 40. Rc8+ Kg7 41. Rxb6 Re3 42. Rc5 Rxa3 43. Ra6 a4 44. Rca5 Ra2 45. Rg5 Ra3 46. Rga5 h6 47. Rc5 Rf2 48. Rc4 Raa2 49. Rg4 h5 50. Rg3 Ra1 51. Rc3 Kh6 52. Rd3 f6 53. Ra5 g5 54. h4 gxh4 55. Rf3 Rxf3 56. gxf3 a3 57. Kg2 a2 58. Kh2 h3 59. Ra3 Kg5 60. Ra6 Kf5 61. Ra4 Ke5 62. Ra6 Kd4 63. Rd6+ Ke3 64. Re6+ Kf2 65. Ra6 f5 66. f4 Ke3 67. Ra4 Kf3 68. Ra3+ Kxf4 69. Ra4+ Kg5 70. Ra8 f4 71. Ra5+ Kf6 72. Ra3 f3 73. Rxf3+ Ke5 74. Ra3 Kd4 75. Ra8 Kc5 76. Ra7 Kb6 77. Ra8 Kb7 78. Ra3 h4 79. Ra4 Kb6 80. Ra8 Kc5 81. Ra7 Kd5 82. Ra8 Ke4 83. Ra7 Kf4 84. Ra8 Kg5 85. Ra7 Kg4 86. Ra4+ Kf3 87. Ra3+ Kf2 88. Ra8 Kf3 89. Ra3+ Kg4 90. Ra4+ Kf3 91. Ra3+ Ke4 92. Ra8 Kd4 93. Ra7 Ke4 1/2-1/2

[Event "POL-chT3 0607"]
[Site "Poland"]
[Date "2007.03.18"]
[Round "10.25"]
[White "Jozwicki, Jakub"]
[Black "Kiedrowicz, Jan"]
[Result "0-1"]
[WhiteElo "2219"]
[BlackElo "2293"]
[PlyCount "91"]
[EventDate "2006.11.12"]
[EventType "team-tourn"]
[EventRounds "11"]
[EventCountry "POL"]
[SourceTitle "EXT 2009"]
[Source "ChessBase"]
[SourceDate "2008.11.26"]
[SourceVersion "1"]
[SourceVersionDate "2008.11.26"]
[SourceQuality "1"]

1. e4 g6 2. d4 c6 3. Nc3 d5 4. Nf3 Bg7 5. Be2 dxe4 6. Nxe4 Bg4 7. c3 Nd7 8. 0-0 Ngf6 9. Ng3 0-0 10. Re1 Re8 11. Bg5 Qc7 12. Qd2 Bxf3 13. Bxf3 e5 14. d5 Nxd5 15. Bxd5 cxd5 16. Qxd5 Nb6 17. Qb3 h6 18. Be3 Nc4 19. Ne4 Nxe3 20. Rxe3 Rad8 21. Rd1 Rxd1+ 22. Qxd1 f5 23. Nd6 Re6 24. Rd3 e4 25. Rd5 Kh7 26. c4 f4 27. b3 e3 28. fxe3 fxe3 29. Nb5 Qe7 30. Qe2 Re4 31. Rd3 Be5 32. Nc3 Bxc3 33. Rxc3 h5 34. Rc1 Qe5 35. Rf1 Rh4 36. h3 Rd4 37. Re1 Re4 38. Qf3 e2 39. Qf7+ Kh6 40. Qf8+ Kg5 41. Qd8+ Kf4 42. Qd3 Qc5+ 43. Kh2 Qe3 44. Qd6+ Kg5 45. Qd5+ Re5 46. Qd8+ 0-1

[Event "POL-chT3 0607"]
[Site "Poland"]
[Date "2007.02.18"]
[Round "8.31"]
[White "Jozwicki, Jakub"]
[Black "Krainski, Jaroslaw"]
[Result "1/2-1/2"]
[WhiteElo "2219"]
[BlackElo "2066"]
[PlyCount "90"]
[EventDate "2006.11.12"]
[EventType "team-tourn"]
[EventRounds "11"]
[EventCountry "POL"]
[SourceTitle "EXT 2009"]
[Source "ChessBase"]
[SourceDate "2008.11.26"]
[SourceVersion "1"]
[SourceVersionDate "2008.11.26"]
[SourceQuality "1"]

1. e4 c6 2. d4 d5 3. Nc3 dxe4 4. Nxe4 Nd7 5. Bc4 Ngf6 6. Ng5 e6 7. Ne2 h6 8. Nf3 b5 9. Bd3 a6 10. 0-0 c5 11. c4 bxc4 12. Bxc4 Nb6 13. Bb3 c4 14. Bxc4 Nxc4 15. Qa4+ Bd7 16. Qxc4 Bb5 17. Qc2 Rc8 18. Qd1 Bd6 19. Re1 0-0 20. Nc3 Bb4 21. a4 Bc6 22. Ne5 Ba8 23. Qd3 Qb6 24. Bf4 Qb7 25. f3 Rfd8 26. Kh1 Bc5 27. Be3 Qb4 28. Qxa6 Bxd4 29. Bxd4 Qxd4 30. Rad1 Qf2 31. Qe2 Qh4 32. Rxd8+ Rxd8 33. Ne4 Bxe4 34. fxe4 Nxe4 35. Kg1 Nf6 36. b3 Qb4 37. Qe3 Rd6 38. h3 Nd5 39. Qf2 f6 40. Nc4 Rc6 41. Qg3 Ne7 42. Kh2 Nf5 43. Qf3 Rxc4 44. Rxe6 Qb8+ 45. g3 Rc2+ 1/2-1/2

[Event "POL-chT3 0607"]
[Site "Poland"]
[Date "2007.01.14"]
[Round "5.7"]
[White "Jozwicki, Jakub"]
[Black "Tarkowski, Michal"]
[Result "1-0"]
[WhiteElo "2219"]
[BlackElo "1990"]
[PlyCount "79"]
[EventDate "2006.11.12"]
[EventType "team-tourn"]
[EventRounds "11"]
[EventCountry "POL"]
[SourceTitle "EXT 2009"]
[Source "ChessBase"]
[SourceDate "2008.11.26"]
[SourceVersion "1"]
[SourceVersionDate "2008.11.26"]
[SourceQuality "1"]

1. e4 c5 2. Nf3 d6 3. d4 cxd4 4. Qxd4 Nc6 5. Bb5 Bd7 6. Bxc6 Bxc6 7. Nc3 Nf6 8. Bg5 e6 9. 0-0-0 Be7 10. Rhe1 0-0 11. Qd3 Qc7 12. Nd4 a6 13. f3 Rfc8 14. Kb1 Nxe4 15. Rxe4 Bxg5 16. Nxc6 Qxc6 17. Qxd6 Bf6 18. Qxc6 Rxc6 19. Ne2 Rcc8 20. c3 Rd8 21. Rxd8+ Rxd8 22. Kc2 g6 23. Rc4 Rd7 24. Nf4 Be5 25. h3 Bxf4 26. Rxf4 Kf8 27. a4 Ke7 28. a5 f5 29. Rb4 Kf6 30. Rb6 Ke5 31. b4 Re7 32. g3 Kd5 33. Kd3 Ke5 34. f4+ Kf6 35. c4 g5 36. c5 gxf4 37. gxf4 Rg7 38. c6 bxc6 39. Rxa6 Rg3+ 40. Kd4 1-0